| 000 | 00546nam a2200169 i 4500 | ||
|---|---|---|---|
| 001 | 31505 | ||
| 003 | ES-MaACL | ||
| 007 | t| | ||
| 008 | 030129s1972 ag ||||1| spa d | ||
| 100 | 0 |
_aBeauvoir, Simone de, _d1908-1986 _926850 |
|
| 245 | 1 | 0 |
_aPara una moral de la antigüedad / _cSimone de Beauvoir ; [traducción de de Rubén A.N. Laporte]. |
| 260 |
_aBuenos Aires : _bLa Pleyade, _c[1972] |
||
| 300 |
_a171 p. ; _c20 cm. |
||
| 700 | 1 |
_aLaporte, Rubén A. N. _970174 |
|
| 852 |
_aES-MaACL _jE-8631 _bR.93058 |
||
| 999 |
_c31505 _d31505 |
||